RTL, Sat.1 oder ProSieben? - Statistiken

Allgemein
  • Dieses Quiz wurde 148 mal gespielt
  • Das Durchschnittsergebnis liegt bei 11 aus 15
Antwortstatistiken
Hint Antwort % Korrekt
Das Supertalent RTL
96%
Wer wird Millionär? RTL
95%
Das Duell um die Welt ProSieben
91%
Let's Dance RTL
89%
Schlag den Star ProSieben
85%
Ninja Warrior Germany RTL
83%
Das große Backen Sat.1
77%
Das 1% Quiz Sat.1
75%
Die Promi-Darts-WM ProSieben
74%
The Masked Singer ProSieben
72%
The Taste Sat.1
67%
Denn sie wissen nicht, was passiert! RTL
66%
99 - Wer schlägt sie alle? Sat.1
62%
The Voice Kids Sat.1
50%
Alle gegen Einen ProSieben
23%
Keine übereinstimmenden Quizze gefunden
Verteilung der Resultate
Anzahl Personen mit jedem Resultat
Perzentil nach korrekt beantworteten Fragen
Ihre Resultats-Entwicklung
Sie haben dieses Quiz noch nicht gespielt